000 00638 a2200217 4500
020 _a0-7641-2361-0
020 _a0-7641-7587-4
040 _aDLC
_bDLC
082 0 4 _a378.1664
100 _a Weiner, Green Sharon
110 _a Wolf, Ira K
245 1 0 _aBarron's how to prepare for the new SAT
_cSharon Weiner Green
246 3 0 _aHow to prepare for the new SAT
250 _a22nd ed
260 _aHauppauge, N.Y. :
_bBarron's,
_c2005
300 _aix, 818 s. :
_bill. ;
_c28 cm +
_eCD-Rom
600 _aSAT (Educational test)--Mathematics
700 1 _aSharon Weiner Green
710 _aWolf, Ira K
942 _cBK
_k378.1664 GRE
_2ddc
999 _c10951
_d10951